The role of the minister's wife / (Record no. 3859)
[ view plain ]
| 000 -LEADER | |
|---|---|
| fixed length control field | 00808nam a2200193 a 4500 |
| 003 - CONTROL NUMBER IDENTIFIER | |
| control field | PILC |
| 005 - DATE AND TIME OF LATEST TRANSACTION | |
| control field | 20250123135208.0 |
| 008 - FIXED-LENGTH DATA ELEMENTS--GENERAL INFORMATION | |
| fixed length control field | 061017s1962 xx 00 eng d |
| 010 ## - LIBRARY OF CONGRESS CONTROL NUMBER | |
| LC control number | Acc#10563 |
| 040 ## - CATALOGING SOURCE | |
| Transcribing agency | Philippine Baptist Theological Seminary |
| 050 ## - LIBRARY OF CONGRESS CALL NUMBER | |
| Classification number | BV 4395 |
| Item number | D435 1962 |
| 100 10 - MAIN ENTRY--PERSONAL NAME | |
| Personal name | Denton, Wallace |
| 245 10 - TITLE STATEMENT | |
| Title | The role of the minister's wife / |
| Statement of responsibility, etc. | by Wallace Denton. |
| 260 0# - PUBLICATION, DISTRIBUTION, ETC (IMPRINT) | |
| Place of publication, distribution, etc. | Philadelphia, PA : |
| Name of publisher, distributor, etc. | The Westminster Press, |
| Date of publication, distribution, etc. | c1962. |
| 300 ## - PHYSICAL DESCRIPTION | |
| Extent | 175 p. ; 21 cm. |
| 505 ## - FORMATTED CONTENTS NOTE | |
| Formatted contents note | A historical look at the minister's wife -- A contemporary look at the minister's wife -- Role attitudes toward her husband's work -- Role attitudes toward her family life -- Role attitudes toward her church and community -- Considerations for further thought -- |
| 650 ## - SUBJECT ADDED ENTRY--TOPICAL TERM | |
| Topical term or geographic name as entry element | SPOUSES OF CLERGY |
| 942 ## - ADDED ENTRY ELEMENTS (KOHA) | |
| Koha item type | Circulation Books |
| Source of classification or shelving scheme | Library of Congress Classification |
| Withdrawn status | Lost status | Source of classification or shelving scheme | Damaged status | Not for loan | Home library | Current library | Shelving location | Date acquired | Cost, normal purchase price | Total Checkouts | Full call number | Barcode | Date last seen | Date last checked out | Price effective from | Koha item type |
|---|---|---|---|---|---|---|---|---|---|---|---|---|---|---|---|---|
| Dewey Decimal Classification | PBTS Library | PBTS Library | Circulation Section | 10/17/2006 | 9.00 | 5 | BV 4395 D435 1962 | 10563 | 03/16/2026 | 09/29/2020 | 04/02/2015 | Circulation Books |